000 01470nam a2200445 c 4500
001 24148
003 ES-MaCES
005 20250121135003.0
008 111216s2011 sp t 000 | spa d
017 _aSE 6041-2011
_bDL
020 _a9788499610474
035 _aCES20110009829m
040 _aES-MaCES
_bspa
_cES-MaCES
245 0 3 _aEl trabajo
_cLuis Enrique de la Villa Gil (coordinador)
260 _aMadrid
_bCentro de Estudios Ramón Areces
_c[2011]
300 _a528 p.
_c24 cm
504 _aBibliografía. Bibliografía: p. 517-528
541 _cCompra
650 4 _atrabajo
_928289
650 4 _atrabajo a cuenta propia
_930170
650 4 _atrabajador familiar
_930080
650 4 _atrabajo a domicilio
_928334
650 4 _atrabajador doméstico
_928431
650 4 _aservicio voluntario
_926671
650 4 _atrabajo forzoso
_928329
650 4 _acooperativa de trabajadores
_929851
650 4 _atrabajo clandestino
_929563
650 4 _aempleo protegido
_929334
650 4 _aempleo precario
_930171
650 4 _afunción pública
_927225
650 4 _aderecho del trabajo
_927165
650 4 _aEspaña
_926964
650 4 _arégimen jurídico
_929894
653 1 0 _aDerecho del trabajo y Seguridad Social
700 1 _aVilla Gil, Luis Enrique de la
_ecol.
_925895
710 2 _aCentro de Estudios Ramón Areces
_eed.
_91880
902 _aLIB Libro
942 _2CES
_cBK
_h6.0.1.
999 _c24148
_d24148